| Tag |
First Indicator |
Second Indicator |
Subfields |
| LEADER |
00000cam a2200000 a 4500 |
| 001 |
in00001191021 |
| 005 |
20151002062436.0 |
| 007 |
hd afv---baca |
| 008 |
890606s1865 xx a f000 0 eng d |
| 035 |
|
|
|a (OCoLC)19826093
|
| 035 |
|
|
|9 AGJ6227AM
|
| 040 |
|
|
|a FEI
|c FEI
|d UtOrBLW
|
| 043 |
|
|
|a n-usu--
|a n-us-nc
|
| 049 |
|
|
|a TXAI
|
| 090 |
|
|
|a E487
|b .C66 1974 reel 8 no. 556
|
| 099 |
|
|
|a Film
|a B 1664
|a reel 8, no. 556.
|
| 110 |
1 |
|
|a North Carolina.
|b General Assembly.
|
| 245 |
1 |
0 |
|a Resolutions against the policy of arming slaves.
|
| 264 |
|
1 |
|a [Richmond] :
|b [publisher not identified],
|c [1865]
|
| 300 |
|
|
|a 1 unnumbered leaf ;
|c 25 cm.
|
| 336 |
|
|
|a text
|b txt
|2 rdacontent
|
| 337 |
|
|
|a microform
|b h
|2 rdamedia
|
| 338 |
|
|
|a microfilm reel
|b hd
|2 rdacarrier
|
| 500 |
|
|
|a Caption title.
|
| 500 |
|
|
|a At head of title: House of Representatives, March 4, 1865.--Referred to Committee on the Judiciary and ordered to be printed. (By Mr. J.M. Leach.
|
| 500 |
|
|
|a Filmed from the holdings of the Boston Athenaeum.
|
| 533 |
|
|
|a Microfilm.
|b New Haven, Conn. :
|c Research Publications,
|d [1974].
|e On reel 8 of 143 microfilm reels ; 35 mm.
|f (Confederate imprints, 1861-1865 ; reel 8, no. 556).
|
| 539 |
|
|
|a s
|b 1974
|d ctu
|e n
|
| 500 |
|
|
|a Microform.
|
| 610 |
1 |
0 |
|a Confederate States of America.
|b Army
|x African American troops.
|
| 650 |
|
0 |
|a Slaves
|z Confederate States of America.
|
| 650 |
|
0 |
|a African Americans
|z Confederate States of America.
|
| 610 |
1 |
0 |
|a Confederate States of America.
|b Army
|x Recruiting, enlistment, etc.
|x Law and legislation.
|
| 830 |
|
0 |
|a Confederate imprints, 1861-1865 ;
|v reel 8, no. 556.
|
| 999 |
|
|
|a MARS
|
| 999 |
f |
f |
|s abf4db6e-6a38-3f48-b264-8e2e1beb588d
|i 1fdabd08-ee6b-3b05-8f6e-97ff7cb1e138
|t 0
|
| 952 |
f |
f |
|p default
|a Texas A&M University
|b College Station
|c Sterling C. Evans Library
|d Evans: Microforms (3rd floor)
|t 0
|e Film B 1664 reel 8, no. 556.
|h Other scheme
|i microform -- microfilm reel
|
| 998 |
f |
f |
|a Film B 1664 reel 8, no. 556.
|t 0
|l Evans: Microforms (3rd floor)
|